|
|
|
|
| LEADER |
00000nab a2200000 a 4500 |
| 001 |
vtls008954799 |
| 003 |
SK-MaSNL |
| 005 |
20260303070330.0 |
| 008 |
140506c2007 xo qr|p|||||||000 b|cze |
| 015 |
|
|
|a SNBRB2007/03
|
| 038 |
|
|
|a SNKBUCL
|
| 040 |
|
|
|a SNKBUCL
|b slo
|e AACR2
|c SNKBUCL
|
| 041 |
0 |
|
|a cze
|
| 044 |
|
|
|a xo
|c SK
|
| 080 |
|
|
|a 16
|2 1997
|
| 080 |
|
|
|a 141.131
|2 1997
|
| 100 |
1 |
|
|a Peregrin, Jaroslav,
|d 1957-
|4 aut
|9 92227
|
| 245 |
1 |
0 |
|a Já o platonismu, Cmorej o výrazech a semivýrazech
|c Jaroslav Peregrin
|
| 504 |
|
|
|a Bibliogr. odkazy
|
| 650 |
0 |
7 |
|a analytická filozofia
|2 snkbucl
|9 66473
|
| 650 |
0 |
7 |
|a platonizmus
|2 snkbucl
|9 19395
|
| 650 |
0 |
7 |
|a Výrazy
|2 snkbucl
|9 528431
|
| 650 |
0 |
7 |
|a semivýrazy
|2 snkbucl
|9 1064067
|
| 650 |
0 |
7 |
|a logika
|2 snkbucl
|9 806
|
| 773 |
0 |
|
|t Organon F
|g Roč. XIV, č. 1 (2007), s. 84-87
|x 1335-0668
|
| 852 |
|
|
|a SNK
|b KIS3GCP
|
| 958 |
|
|
|a SK
|
| 958 |
|
|
|a NB
|
| 999 |
|
|
|c 1754911
|d 1756841
|